1380 1571 1990 1485 1913 1273 1208 1682 1054 1768 1819 1039 1200 1041 1596 1453 1481 1415 1292 1682 1092 1591 1198 1937 1985 1029 1313 1610 1970 1451 1590 1542 1929 1541 1857 1426 1178 1249 1290 1630 1891 1077 1728 1719 1338 1263 1074 1999 1762 1223 1763 1567 1667 1318 1002 1231 1608 1098 1996 1032 1988 1261 1100 1064 1800 1480 1937 1505 1864 1560 1772 1761 1100 1716 1676 1430 1044 1726 1951 1006 1076 1314 1534 1617 1642 1264 1969 1794 1885 1165 1257 1224 1285 1446 1739 1988 1939 1830 1119 BCNSPRNW ULIB Ver.6.0+V

เปลี่ยนเป็นภาษาไทย

Change to English
 แสดงรายละเอียดบรรณานุกรม
  กลับหน้าหลัก

Brief Record : Get Marc (ISO 2709) : E-mail record : QR code < ปิดหน้าต่าง
LEADER : 00000nam 2200000uu 4500
001    13399110639
003     ULIB
008    110606s2544||||th 000 0 tha d
020    9740403417
020    9789740403418
060 04 WR140^bน493ห 2544
245 00 หัตถการพื้นฐานทางตจวิทยา =^bPractical procedures in dermatology /^cบรรณาธิการ, นิยม ตันติคุณ, วรพงษ์ มนัสเกียรติ
250    พิมพ์ครั้งที่ 1
260    กรุงเทพฯ :^bภาควิชาตจวิทยา คณะแพทยศาสตร์ศิริราชพยาบาลมหาวิทยาลัยมหิดล,^c2544
300    164 หน้า :^bภาพประกอบ ;^c22 ซม.
650  7 ผิวหนัง, วิทยาโรค
650  7 ผิวหนัง, โรค
653    ผลงานอาจารย์คณะแพทยศาสตร์ศิริราชพยาบาล
700 0  นิยม ตันติคุณ,^eบรรณาธิการ
700 0  วรพงษ์ มนัสเกียรติ,^eบรรณาธิการ
710 2  มหาวิทยาลัยมหิดล. ^bคณะแพทยศาสตร์ศิริราชพยาบาล.^bภาควิชาตจวิทยา
945    ^p250^l0^i023849
945    ^p250^l0^i017771
995    ทศพร
999 ^a ใช้งานได้ทุกระบบ
รายการนี้ยังไม่มีแท็ก
คุณยังไม่ได้ล็อกอิน คุณสามารถมีกิจกรรมร่วมกับเว็บไซต์ได้ แต่ต้องล็อกอินก่อน ::
  ล็อกอิน

รายการสื่อสารสนเทศ

ลำดับที่ ประเภท เลขเรียก/บาร์โค้ด สถานที่ สถานะ
- ไม่พบข้อมูล -

รายการใกล้เคียง
    หัวเรื่อง [ผิวหนัง, วิทยาโรค]
    หัวเรื่อง [ผิวหนัง, โรค]

BibComment


ยังไม่เคยถูกคอมเมนท์

คอมเมนท์ทรัพยากรรายการนี้
  คอมเมนท์: หัตถการพื้นฐานทาง..


 Copyright 2026. Bcnsprnw @Library